Daňová kontrola - najčastejšie chyby a omyly zistené pri daňovej kontrole

Ilustračné príklady k problematike chyby a omyly zistné pri daňovej kontrole.

Salvato in:
Dettagli Bibliografici
Autore principale: Burák, Emil
Natura: Capitolo di libro
Lingua:slovacco
Soggetti:
Tags: Aggiungi Tag
Nessun Tag, puoi essere il primo ad aggiungerne!!

MARC

LEADER 00000naa a2200000 4500
001 0234788
005 20170807091338.2
041 0 |a slo 
044 |a SK 
245 1 0 |a Daňová kontrola - najčastejšie chyby a omyly zistené pri daňovej kontrole  |c Emil Burák 
520 |a Ilustračné príklady k problematike chyby a omyly zistné pri daňovej kontrole. 
610 2 0 |a kontrola daňová 
610 2 0 |a doklady daňové 
610 2 0 |a zdaňovanie 
610 2 0 |a priznania daňové 
100 1 |a Burák, Emil